U.S. States With Most Millionaires - Statistics

General Stats
  • This quiz has been taken 87 times
  • The average score is 8 of 10
Answer Stats
Number Of Millionaires Answer % Correct
1,147,251 California
100%
496,971 Florida
97%
570,456 New York
97%
650,216 Texas
96%
346,873 Illinois
81%
328,859 Pennsylvania
73%
254,201 Massachusetts
68%
323,443 New Jersey
64%
261,157 Ohio
63%
272,103 Virginia
59%
No matching quizzes found
Score Distribution
Percent of People with Each Score
Percentile by Number Answered
Your Score History
You have not taken this quiz